000 00596 a2200205 4500
001 63414
005 20260407155932.0
008 260407a1954 arg spa d
003 AR-UNSa-BCEJYS
040 _aAR-UNSa-BCEJYS
_bspa
_cAR-UNSa-BCEJYS
080 _a510
_xConsideraciones fundamentales y generales de las matemáticas
245 1 0 _aMatemáticas para químicos
250 _a5a. ed.
264 1 _aBarcelona :
_bLabor
_c1954
300 _axvi, 502 p.
_c18 cm.
041 _aspa
942 _cBK
590 _aniveau_biblio:m niveau_hierar:0
100 1 _aIñíguez Almech, José María
999 _c8170
_d8170